Los nervios /
Guardado en:
| Autor Corporativo: | |
|---|---|
| Formato: | |
| Series: | El cuerpo humano
|
| Materias: | |
| Etiquetas: |
Agregar Etiqueta
Sin Etiquetas, Sea el primero en etiquetar este registro!
|
| LEADER | 00927ngm a22002535g 4500 | ||
|---|---|---|---|
| 001 | CEM.cems022073 | ||
| 008 | 130507b1994##################0###0#####d | ||
| 005 | 20241003151907.0 | ||
| 245 | 1 | 0 | |a Los nervios / |c Transtel. |
| 300 | |a 25'. | ||
| 490 | 0 | |a El cuerpo humano | |
| 500 | |a En soporte VHS, consultar en ventanilla. | ||
| 505 | 0 | |a Los nervios: transmisores de los impulsos. Reparación de nervios en accidentados. La célula nerviosa. Generación del impulso nervioso. Velocidad de conducción de las fibras nerviosas. | |
| 538 | |a Soporte: VHS - Norma: Pal N - Color - Grabación DRD 1994 - Hitachi=3330 | ||
| 110 | 2 | |a Transtel. | |
| 082 | 6 | 1 | |. 8/TRA |
| 653 | |a ANATOMIA | ||
| 653 | |a FISIOLOGIA | ||
| 653 | |a NERVIOS | ||
| 653 | |a IMPULSO NERVIOSO | ||
| 653 | |a CELULA NERVIOSA | ||
| 653 | |a FIBRAS NERVIOSAS | ||
| 653 | |a NIVEL SECUNDARIO | ||
| 859 | |a CEMS |b BIB. CEMS - Depto. Recursos Didacticos |h 611.8 |i TRA |k DRD |p 716.12 |t Ej.1 | ||
